| 000 | 00960nam0a2200289 4500 | ||
|---|---|---|---|
| 001 | RU\NLR\bibl\1870818 | ||
| 005 | 20260405193041.0 | ||
| 010 |
_a978-5-98281-292-6 _9300 |
||
| 021 |
_aRU _b2012-6254 _9456 |
||
| 035 | _a(NLR Aleph) 001860664 | ||
| 090 |
_a2526904 _c2526904 |
||
| 100 | _a20120216d2012 |||y0rusy50 ca | ||
| 101 | 0 | _arus | |
| 102 | _aRU | ||
| 105 | _ay ||||||||| | ||
| 200 | 1 |
_aКнига афоризмов _eизбранное из избранных _fсост.: С. Халилов |
|
| 210 |
_aМосква _cАльфа-М _d2012 |
||
| 215 |
_a287 с. _d22 |
||
| 606 | 1 |
_aАфоризмы _jСборники _91063027 _3RU\NLR\auth\6694446 |
|
| 686 | _aЯ438(0) | ||
| 702 | 1 |
_4220 _8rus _7ca _aХалилов _bС. С. _f1952- _gСалахаддин Садраддин оглы _3RU\NLR\auth\7784898 _967826 |
|
| 801 | 0 |
_aRU _bNLR _c20120216 _gRCR |
|
| 801 | 1 |
_aRU _bNLR _c20120216 |
|
| 942 | _cBOOK | ||
| 980 | _aNB | ||
| 980 | _aNBR | ||